| 000 | 01053nam0a22002771 4500 | ||
|---|---|---|---|
| 001 | rc\112516 | ||
| 005 | 20250620184804.0 | ||
| 010 |
_a5-02-030053-5 _92000 |
||
| 035 | _a(NLR Aleph) 005372484 | ||
| 090 |
_a7014892 _c7014892 |
||
| 100 | _a20021216d1991 |||y0rusy50 ca | ||
| 101 | 0 | _arus | |
| 102 | _aRU | ||
| 105 | _aa ||||||||| | ||
| 200 | 1 |
_aПтицы острова Врангеля _fМ.С. Стишов, В.И. Придатко, В.В. Баранюк _gОтв. ред. Ю.С. Равкин _gАН СССР. Сиб. отд-ние, Биол. ин-т |
|
| 210 |
_aНовосибирск _cНаука. Сиб. отд-ние _d1991 |
||
| 215 |
_a251, [2] с. _cил. _d22 |
||
| 320 | _aБиблиогр.: с. 244-252 | ||
| 700 | 1 |
_aСтишов _bМ.С. _gМихаил Сергеевич |
|
| 701 | 1 |
_aПридатко _bВ.И. _gВасилий Иванович |
|
| 701 | 1 |
_aБаранюк _bВ.В. _gВасилий Васильевич |
|
| 801 | 0 |
_aRU _bNLR _gpsbo |
|
| 801 | 1 |
_aRU _bELAR _2rusmarc |
|
| 852 |
_aNLR _j91-5/2331 |
||
| 942 | _cBOOK | ||
| 980 | _aNB | ||